Top 5 universities that are not in an English speaking country - Statistics

General Stats
  • This quiz has been taken 10 times
  • The average score is 2 of 5
Answer Stats
Global Rank Answer % Correct
7 ETH Zurich
80%
22= Technical University of Munich
50%
14 Peking University
40%
22= École polytechnique fédérale de Lausanne
30%
17 Tsinghua University
30%
No matching quizzes found
Score Distribution
Percent of People with Each Score
Percentile by Number Answered
Your Score History
You have not taken this quiz